Urban rail in America : an exploration of criteria for fixed-guideway transit /

Bibliographic Details
Main Author: Pushkarev, B. S. (Boris Sergeevich), 1929-
Other Authors: Zupan, Jeffrey M., Cumella, Robert S.
Format: Book
Language:English
Published: Bloomington : Indiana University Press, [1982]
Subjects:

MARC

Tag First Indicator Second Indicator Subfields
LEADER 00000cam a2200000 a 4500
001 in00000080308
005 20151008060921.0
008 810504s1982 inuab b s00110 eng
010 |a  81047293  
020 |a 025337555X 
035 |a (OCoLC)07554793 
035 |9 AAJ6883AM 
039 0 |a 2  |b 3  |c 3  |d 3  |e 3 
040 |a DLC  |c DLC  |d TXA  |d UtOrBLW 
043 |a n-us--- 
049 |a TXAM  |c [1196614] 
050 0 0 |a HE4451  |b .P87 
082 0 |a 388.4/2/0973  |2 19 
100 1 |a Pushkarev, B. S.  |q (Boris Sergeevich),  |d 1929- 
245 1 0 |a Urban rail in America :  |b an exploration of criteria for fixed-guideway transit /  |c Boris S. Pushkarev with Jeffrey M. Zupan and Robert S. Cumella. 
264 1 |a Bloomington :  |b Indiana University Press,  |c [1982] 
264 4 |c ©1982 
300 |a xxvii, 289 pages :  |b illustrations, maps ;  |c 29 cm. 
336 |a text  |b txt  |2 rdacontent 
337 |a unmediated  |b n  |2 rdamedia 
338 |a volume  |b nc  |2 rdacarrier 
500 |a "A Regional Plan Association book." 
504 |a Includes bibliographical references and indexes. 
650 0 |a Local transit  |z United States. 
650 0 |a Local transit  |z United States  |x Planning. 
700 1 |a Zupan, Jeffrey M. 
700 1 |a Cumella, Robert S. 
999 |a MARS 
999 f f |s f8c637ee-d096-3e34-a881-0f8b6b3b3128  |i 53055e24-fbde-337f-abfc-5754056608cc  |t 0 
952 f f |p normal  |a Texas A&M University  |b College Station  |c Sterling C. Evans Library  |d Evans: Library Stacks  |t 0  |e HE4451 .P87  |h Library of Congress classification  |i unmediated -- volume  |m A14806133109 
998 f f |a HE4451 .P87  |t 0  |l Evans: Library Stacks